000 00430nam a2200145Ia 4500
008 240729s9999 xx 000 0 und d
022 _a2373-809X
245 0 _aUC Merced Undergraduate Research Journal
260 _aUnited States
260 _beScholarship Publishing, University of California
650 _aGeneral Works
856 _uhttps://doaj.org/toc/7648490600404be8a8967fa2b1a83d3d
942 _2ddc
942 _cDOAJEJ
999 _c70967
_d70967
945 _a1
_bMadushi Gamage
_c1
_dMadushi Gamage